000 00623cam a2200157 i 4500
001 22398849
005 20241216204912.0
008 220127s2021 gh b 001 0 eng
020 _a9789988310783
050 0 0 _aKRX74
_b.D38 2021
100 1 _aDate-Bah, S. K.
_q(Samuel Kofi),
_eauthor.
245 1 0 _aSelected papers and lectures on Ghanaian law /
_cSamuel Kofi Date-Bah, LL.B (Ghana), LL.M (Yale), Ph.D (London), former professor of law, retired justice of the Supreme Court of Ghana and fellow of the Ghana Academy of Arts and Sciences.
300 _axx, 323 pages ;
_c25 cm
650 0 _aLaw
_zGhana.
942 _2lcc
_cBK
_n0
999 _c2355
_d2355